| 000 -CABECERA |
| fixed length control field |
02624nam a22003377a 4500 |
| 003 - IDENTIFICADOR DEL NÚMERO DE CONTROL |
| control field |
AR-CdUCM |
| 008 - DATOS DE LONGITUD FIJA--INFORMACIÓN GENERAL |
| fixed length control field |
190425b ||||| |||| 00| 0 spa d |
| 040 ## - FUENTE DE LA CATALOGACIÓN |
| Agencia/entidad que catalogó originalmente la obra |
MUNICIPALIDAD PROVINCIAL DEL CUSCO |
| Entidad que transcribió la catalogación |
BIBLIOTECA MUNICIPAL DEL CUSCO |
| 082 ## - NÚMERO DE LA CLASIFICACIÓN DECIMAL DEWEY |
| No. de Clasificación |
Rev.Letras/N°3/1968 |
| 110 ## - ENTRADA PRINCIPAL--NOMBRE DE ENTIDAD CORPORATIVA |
| Nombre de la institución, jurisdicción como entrada principal |
Universidad Nacional del Cuzco |
| 9 (RLIN) |
23977 |
| 245 ## - MENCIÓN DE TÍTULO |
| Título |
Revista Letras : |
| Resto del título |
órgano de la facultad de Letras y Ciencias Humanas / |
| 260 ## - PUBLICACIÓN, DISTRIBUCIÓN, ETC. |
| Lugar de publicación, distribución, etc. |
Cusco : |
| Nombre de la editorial, distribuidor, etc. |
H.G. Rozas, |
| Fecha de publicación, distribución, etc. |
1969. |
| 300 ## - DESCRIPCIÓN FÍSICA |
| Nº de Páginas Extensión |
256 [45] páginas. : |
| Dimensiones |
24 cm. |
| 440 ## - MENCIÓN DE SERIE/PUNTO DE ACCESO ADICIONAL--TÍTULO |
| Título |
Universidad del Cuzco. |
| Número de la parte/sección de una obra |
Año II, Segunda época, segundo semestre de 1967, 1er semestre de 1968. N°3 |
| 9 (RLIN) |
46815 |
| 505 ## - NOTA DE CONTENIDO CON FORMATO |
| Nota de contenido formateada |
Contenido: Las danzas indígenas del Perú como elementos teatrales en las épocas incaica y colonial. José Uriel García. -- Teatro aborigen americano. Clemente H. Balmori. -- Ignacio de Castro y un espectáculo de pantomima en el Cuzco colonial. Guillermo Ugarte Chamorro. -- Runa Simi o la lengua del hombre. Stefanie Klose. -- Garcilaso el Inca poeta y narrador. Augusto Tamayo Vargas. -- Elogio del libro. Alberto Tauro. -- La influencia telúrica en la idea filosófica Inca. Alfredo Yépez Miranda. -- Suma y desarrollo de las ideas sobre Filosofía de la Historia en el Perú. José Tamayo Herrera. -- La victoria regia cuento. Arturo Hernández. -- El Mar y sus palabras poesía. Arturo Corcuera. -- 12 poemas. Winston Orrillo. -- Anti poemas, breve antología. Nicanor Parra. -- Poemas. Carlos Germán Belli. -- Un rito en el Perú precolombino. Jorge Flores Ochoa. -- El parto y los ritos de nacimiento. Demetrio Roca Wallparimachi. -- El lenguaje humano. Andrés Alencastre G. -- Sabogal artista nacional y su época. Jorge Falcon. -- Benjamín Mendizábal Vizcarra apuntes para una biografía. Luis Nieto Miranda. -- Carta a césar Vallejo. Ernesto More. -- Breve antología. Taitacha Temblores. Cruz Velacuy la velada de la cruz. La chola. La chichería caverna de nacionalidad. Corpus del Cusco. El traje el poncho, el chullu, el chumpi y otras prendas. José Uriel García. |
| 650 ## - PUNTO DE ACCESO ADICIONAL DE MATERIA--TÉRMINO DE MATERIA |
| Descriptor |
Narrativa cusqueña |
| 9 (RLIN) |
10453 |
| 650 ## - PUNTO DE ACCESO ADICIONAL DE MATERIA--TÉRMINO DE MATERIA |
| Descriptor |
Escritores cusqueños |
| 9 (RLIN) |
10661 |
| 650 ## - PUNTO DE ACCESO ADICIONAL DE MATERIA--TÉRMINO DE MATERIA |
| Descriptor |
Literatura cusqueña |
| 9 (RLIN) |
46804 |
| 650 ## - PUNTO DE ACCESO ADICIONAL DE MATERIA--TÉRMINO DE MATERIA |
| Descriptor |
Folklore |
| 9 (RLIN) |
46816 |
| 650 ## - PUNTO DE ACCESO ADICIONAL DE MATERIA--TÉRMINO DE MATERIA |
| Descriptor |
Antropología cusqueña |
| 9 (RLIN) |
45862 |
| 700 ## - PUNTO DE ACCESO ADICIONAL--NOMBRE DE PERSONA |
| Nombre Personal |
García, José Uriel |
| 9 (RLIN) |
3684 |
| 700 ## - PUNTO DE ACCESO ADICIONAL--NOMBRE DE PERSONA |
| Nombre Personal |
Ugarte Chamorro, Guillermo |
| 9 (RLIN) |
31976 |
| 700 ## - PUNTO DE ACCESO ADICIONAL--NOMBRE DE PERSONA |
| Nombre Personal |
Tamayo Vargas, Augusto |
| 9 (RLIN) |
1952 |
| 700 ## - PUNTO DE ACCESO ADICIONAL--NOMBRE DE PERSONA |
| Nombre Personal |
Tamayo Herrera, José |
| 9 (RLIN) |
11513 |
| 700 ## - PUNTO DE ACCESO ADICIONAL--NOMBRE DE PERSONA |
| Nombre Personal |
Flores Ochoa, Jorge |
| 9 (RLIN) |
2915 |
| 700 ## - PUNTO DE ACCESO ADICIONAL--NOMBRE DE PERSONA |
| Nombre Personal |
Nieto Miranda, Luis |
| 9 (RLIN) |
31822 |
| 700 ## - PUNTO DE ACCESO ADICIONAL--NOMBRE DE PERSONA |
| Nombre Personal |
Roca Wallparimachi, Demetrio |
| 9 (RLIN) |
6182 |
| 700 ## - PUNTO DE ACCESO ADICIONAL--NOMBRE DE PERSONA |
| Nombre Personal |
Tauro, Alberto |
| 9 (RLIN) |
11692 |
| 942 ## - ELEMENTOS DE PUNTO DE ACCESO ADICIONAL (KOHA) |
| Fuente de clasificación |
|
| Tipo de item |
Revistas cusqueñas |
| 945 ## - PROCESAMIENTO DE INFORMACIÓN LOCAL (OCLC) |
| Catalogador |
rac |